| 000 | 00498nam a22001937a 4500 | ||
|---|---|---|---|
| 003 | MPLRDC | ||
| 005 | 20220104182548.0 | ||
| 008 | 210129b ||||| |||| 00| 0 eng d | ||
| 020 | _a957-29482-0-2 | ||
| 082 | _a544.5 GOA | ||
| 100 | _aKIM GOAD | ||
| 245 |
_a再忙,也要享受生活 _c郭幼惠译 |
||
| 250 | _a初版 | ||
| 260 |
_a台湾 _b华谷文化事业有限公司 _c2004 |
||
| 300 | _b平 | ||
| 490 | _a幸福DNA. 01 | ||
| 650 | _a妇女--心理方面 | ||
| 942 |
_cBK _o544.5 GOA |
||
| 999 |
_c62012 _d62002 |
||